000 00544nam a2200205Ia 4500
003 OSt
005 20230426153055.0
008 210423s2011 xx 000 0 und d
020 _a9780521063173
040 _cAL
041 _aeng
082 _a294.592
_223
_bMCGR
100 _aMcGREGOR (R S).
_993000
245 _aDevotional literature in South Asia.
260 _aNew Delhi
_bCambridge University Press
_c2011
300 _axvi,322
_bPB
365 _b770
_cINR
906 _aAsia. ; Devotional ; literature ; South
942 _2ddc
_cBK
999 _c161047
_d161047